| 000 | 00700nam a2200241Ia 4500 | ||
|---|---|---|---|
| 005 | 20260430150435.0 | ||
| 008 | 008 250103s9999 xx 000 0 eng d | ||
| 037 | _aTheses | ||
| 040 | _aCRL | ||
| 040 | _beng | ||
| 040 | _ceng | ||
| 041 | _2eng | ||
| 041 | _aeng | ||
| 084 | _qCRL | ||
| 100 |
_aWani Insha Ahad Au.; Agarwal Megha Gu. _91237513 |
||
| 245 | 0 | _aDeconstructing the Role of Microfinance in Empowerment of Women: An Empirical Investigation of Jammu & Kashmir | |
| 260 | _c2023 | ||
| 300 | _a253p. | ||
| 650 | _aCommerce | ||
| 700 |
_aUniversity of Delhi. Faculty of Commerce and Business Studies. Deptt. of commerce _91237511 |
||
| 942 | _cTH | ||
| 999 |
_c1849785 _d1849785 |
||